|
|
|
|
| LEADER |
01147nam a2200265 a 4500 |
| 001 |
41286 |
| 003 |
BD-DhAAL |
| 008 |
230801t1982 bg ab b 000 0 eng d |
| 010 |
|
|
|a 82904704
|
| 040 |
|
|
|a DLC
|c DLC
|d DLC
|d OCoLC
|d BD-DhAAL
|
| 043 |
|
|
|a a-bg---
|
| 050 |
0 |
0 |
|a HD1741.B352
|b M966 1982
|
| 082 |
0 |
0 |
|a 338.1/62
|2 19
|
| 245 |
0 |
0 |
|a On-farm irrigation water management problems /
|c edited by M.R. Biswas, M.A.S. Mandal.
|
| 260 |
|
|
|a Mymensingh :
|b Bureau of Socio-economic Research and Training, Bangladesh Agricultural University,
|c 1982.
|
| 300 |
|
|
|a xv, 144 pages :
|b illustrations, maps ;
|c 25 cm.
|
| 504 |
|
|
|a Includes bibliographical references.
|
| 541 |
|
|
|a Donated By Akbar Ali Khan
|e 41286
|
| 650 |
|
0 |
|a Irrigation
|z Bangladesh
|z Mymensingh (District).
|9 55247
|
| 700 |
1 |
|
|a Biswas, Md. Mozibur Rahman,
|d 1939-
|9 55248
|
| 700 |
1 |
|
|a Mandal, M. A. S.
|9 55249
|
| 852 |
|
|
|a Ayesha Abed Library
|c Akbar Ali Khan Collection
|
| 942 |
|
|
|2 ddc
|c BK
|
| 999 |
|
|
|c 46051
|d 46051
|
| 952 |
|
|
|0 0
|1 0
|2 ddc
|4 0
|6 338_162000000000000_ON
|7 1
|9 74150
|a BRACUL
|b BRACUL
|c AAKC
|d 2023-08-01
|e Donated By Akbar Ali Khan
|g 25.00
|l 0
|o 338.162 ON
|p 3010041286
|r 2023-08-01
|t 1
|w 2023-08-01
|y BK
|